Tạo hình và phương pháp hướng dẫn hoạt động tạo hình cho trẻ em hoạt động tạo hình Quyển 1
Gespeichert in:
| 1. Verfasser: | |
|---|---|
| Format: | Buch |
| Veröffentlicht: |
Hà Nội
ĐH Quốc gia Hà Nội
|
| Schlagworte: | |
| Tags: |
Tag hinzufügen
Keine Tags, Fügen Sie den ersten Tag hinzu!
|
| Thư viện lưu trữ: | Trung tâm Học liệu Lê Vũ Hùng, Trường Đại học Đồng Tháp |
|---|
| LEADER | 00841pam a22002418a 4500 | ||
|---|---|---|---|
| 001 | 00038334 | ||
| 005 | 20171026081023.0 | ||
| 008 | 170515s ||||||Viesd | ||
| 041 | 0 | # | |a Vie |
| 082 | 1 | # | |a 372.21 |b T108H |
| 100 | 0 | # | |a Lê, Đình Bình |
| 245 | 0 | 0 | |a Tạo hình và phương pháp hướng dẫn hoạt động tạo hình cho trẻ em hoạt động tạo hình |c Lê Đình Bình |n Quyển 1 |
| 260 | # | # | |a Hà Nội |b ĐH Quốc gia Hà Nội |
| 300 | # | # | |a 92tr. |c 30 cm |
| 653 | # | # | |a Hướng dẫn |
| 653 | # | # | |a trẻ em |
| 653 | # | # | |a Tạo hình |
| 852 | # | # | |b Kho mượn |j KM.0021497 |
| 852 | # | # | |b Kho đọc |j KD.0020476 |
| 852 | # | # | |j KD.0020476 |j KM.0021497 |
| 910 | |d 15/05/2017 | ||
| 980 | # | # | |a Trung tâm Học liệu Lê Vũ Hùng, Trường Đại học Đồng Tháp |